000 00237nam a22001097a 4500
082 _a621.462 MIC'S
100 _aMICHEL, JOHN
_957525
245 _aSMALL MOTORS
260 _aNEWYORK
_bD.VAN NOSTRAND
_c1963
300 _a89P
942 _cBK
999 _c567801
_d567801